Proyecto de innovación curricular de la Facultad de Educación aprobado por el Consejo Académico

Guardat en:
Dades bibliogràfiques
Autors principals: Alvarez-Salamanca M., Elena (Autor), Pascual K., Enrique (Autor), Rittershaussen Klauning, Sylvia (Autor), Riveros R., Marta (Autor), Rodríguez F., Eugenio (Autor), Siegel B., Paul (Autor), Gallardo G., Vivian (Autor)
Format: Llibre
Idioma:espanyol
Publicat: Santiago CPU 1991
Col·lecció:Documento de Trabajo, 46
Matèries:
Etiquetes: Afegir etiqueta
Sense etiquetes, Sigues el primer a etiquetar aquest registre!

MARC

LEADER 00000nam a2200000 a 4500
001 UCN3628
003 CL-VaPUC
008 010706e19910000CL |||||||||||||||||spa|d
082 0 4 |a 378.199  |b ALV  |2 21 
100 0 |a Alvarez-Salamanca M., Elena  |e author  |9 460169 
700 0 |a Pascual K., Enrique  |e author  |9 460170 
700 0 |a Rittershaussen Klauning, Sylvia  |e author  |9 460171 
700 0 |a Riveros R., Marta  |e author  |9 460172 
700 0 |a Rodríguez F., Eugenio  |e author  |9 460173 
700 0 |a Siegel B., Paul  |e author  |9 460174 
700 0 |a Gallardo G., Vivian  |e author  |9 460175 
245 1 0 |a Proyecto de innovación curricular de la Facultad de Educación aprobado por el Consejo Académico 
300 |a 55 h 
942 |c BK 
945 |d 20010706 00:00:00  |a rbrito 
260 |a Santiago  |b CPU  |c 1991 
600 0 7 |a PONTIFICIA UNIVERSIDAD CATOLICA DE CHILE  |2 CL-VaPUC  |9 314003 
650 0 |a Educación superior   |9 223851 
650 0 |a Currículo  |9 307290 
650 0 |a Desarrollo curricular  |9 365285 
651 7 |a CHILE  |2 CL-VaPUC  |9 460176 
583 |a last modification  |c 20010706 00:00:00  |k Rodrigo Vera 
490 0 |a Documento de Trabajo, 46 
999 |c 296420  |d 296418 
952 |0 0  |1 0  |4 0  |6 378_199000000000000_ALV_1991  |7 0  |8 P  |9 350175  |a BIBEDU  |b BIBEDU  |c BIBEDU_PB  |d 2019-11-20  |i 3545229  |o 378.199 ALV 1991  |p 3545229  |r 2019-11-20  |w 2019-11-20  |y BK  |k BME